Manufactured uncertainty : implications for climate change skepticism /

Wide-ranging critique of the epistemological and ethical assumptions that underlie contemporary debates concerning climate change.

Bibliographic Details
Main Author: Code, Lorraine (Author)
Format: Book
Language:English
Published: Albany : State University of New York Press, [2020]
Subjects:

MARC

Tag First Indicator Second Indicator Subfields
LEADER 00000cam a2200000 i 4500
001 in00004353213
005 20210422110846.0
008 200505t20202020nyu b 001 0 eng
010 |a  2020018292 
020 |a 9781438480534  |q hardcover 
020 |a 1438480539  |q hardcover 
020 |a 9781438480541  |q paperback 
020 |a 1438480547  |q paperback 
020 |z 9781438480558  |q electronic book 
035 |a (OCoLC)on1154124955 
040 |a DLC  |e rda  |c DLC  |d UtOrBLW 
049 |a TXAM 
050 0 0 |a QC903  |b .C59 2020 
082 0 0 |a 363.738/7401  |2 23 
100 1 |a Code, Lorraine,  |e author.  |0 http://id.loc.gov/authorities/names/n86011765 
245 1 0 |a Manufactured uncertainty :  |b implications for climate change skepticism /  |c Lorraine Code. 
264 1 |a Albany :  |b State University of New York Press,  |c [2020] 
264 4 |c ©2020 
300 |a xi, 242 pages ;  |c 24 cm. 
336 |a text  |b txt  |2 rdacontent 
337 |a unmediated  |b n  |2 rdamedia 
338 |a volume  |b nc  |2 rdacarrier 
504 |a Includes bibliographical references (pages 219-228) and index. 
505 0 |a Chapter 1: Epistemic Responsibility, Now -- Chapter 2: Doubt and Denial: Epistemic Responsibility Meets Climate Change Scepticism -- Chapter 3: Care, Concern, and Advocacy: Is there a place for Epistemic Responsibility? -- Chapter 4: Particularity, Epistemic Responsibility, and the Ecological Imaginary -- Chapter 5: How to Think Globally, Revisited: Or, A Plea for Ignorance. 
520 |a Wide-ranging critique of the epistemological and ethical assumptions that underlie contemporary debates concerning climate change. 
650 0 |a Climatic changes  |x Philosophy. 
650 0 |a Environmental responsibility.  |0 http://id.loc.gov/authorities/subjects/sh93002599 
650 0 |a Knowledge, Sociology of.  |0 http://id.loc.gov/authorities/subjects/sh85072731 
945 |b 701949 
947 |a A14850729766 
948 |a cataloged  |b h  |c 2021/1/25  |d c  |e dmitchel  |f 12:30:20 pm 
994 |a 92  |b TXA 
999 f f |s b5e3aff3-d288-34f7-939a-45c94a65940d  |i 1e88e4a3-44e8-3656-8743-598d825ca82a  |t 0 
952 f f |p normal  |a Texas A&M University  |b College Station  |c Sterling C. Evans Library  |d Evans: Library Stacks  |t 0  |e QC903 .C59 2020  |h Library of Congress classification  |i unmediated -- volume  |m A14850729766 
998 f f |a QC903 .C59 2020  |t 0  |l Evans: Library Stacks